书目信息 |
| 题名: |
图腾崇拜文化
|
|
| 作者: | 李俊峰 著 | |
| 分册: | ||
| 出版信息: | 北京 大众文艺出版社 2000.01 |
|
| 页数: | 275页 | |
| 开本: | 32开 | |
| 丛书名: | ||
| 单 册: | ||
| 中图分类: | B933 | |
| 科图分类: | ||
| 主题词: | 神话 , 原始宗教 | |
| 电子资源: | ||
| ISBN: | 7-80094-425-5 | |
| 000 | 00554nam0 2200205 45 | |
| 001 | 0011210875 | |
| 005 | 20001121082116.1 | |
| 010 | @a7-80094-425-5@d16.80元 | |
| 100 | @a20001121d2000 km y0chiy0120 ea | |
| 101 | 0 | @achi |
| 105 | @a z 000yy | |
| 200 | 1 | @a图腾崇拜文化@ATu Teng Chong Bai Wen Hua@f李俊峰著@FLi Jun Feng Zhu |
| 210 | @a北京@c大众文艺出版社@d2000.01 | |
| 215 | @a275页@d32开 | |
| 606 | 0 | @a神话 |
| 606 | 0 | @a原始宗教 |
| 690 | @aB933@v3 | |
| 701 | 0 | @a李俊峰@4著 |
| 801 | @aCN@bPftUser@c20001121 | |
| 905 | @b414054-055@dB933@eY243@f2 | |
| 图腾崇拜文化/李俊峰著.-北京:大众文艺出版社,2000.01 |
| 275页;32开 |
| ISBN 7-80094-425-5:16.80元 |
| ● |
| 相关链接 |
|
|
|
正题名:图腾崇拜文化
索取号:B933/Y243
 
预约/预借
| 序号 | 登录号 | 条形码 | 馆藏地/架位号 | 状态 | 备注 |
| 1 | 414054 | 204140544 | 自科二线400A/400A自科库 11排2列3层/ [索取号:B933/Y243] | 在馆 | |
| 2 | 414055 | 204140553 | 自科二线400A/509社科库 53排2列1层/ [索取号:B933/Y243] | 在馆 | |
| 3 | 657804 | 206578041 | 自科二线400A/400A自科库 11排2列4层/ [索取号:B933/Y243] | 在馆 | |
| 4 | 657805 | 206578050 | 自科二线400A/400A自科库 13排3列5层/ [索取号:B933/Y243] | 在馆 | |
| 5 | 657806 | 206578069 | 自科二线400A/ [索取号:B933/Y243] | 在馆 |